00970nam a2200277 i 4500003000900000005001700009006001900026007000300045008004100048020001800089040003000107082003000137100003200167245011800199250001800317264004600335300005500381336002600436337003200462338002800494490001100522500007400533650002200607650002600629700003700655DO-SdBNP20240530073928.0a||||gr|||| 00| 0 ta230704e2023 dr ac||| |||| 00| e spa d a9789945184242 aDO-SdBNPbspacBNPHUerda 4aRD863.44bD389d, 2023222 4Del Villar, Laviniaeautora aDe sueños, verdades y dudas... :bun susurro de recuerdos /cLavinia Del Valle ; nota editorial Bergson Rosario a2a. edición 1aSanto Domingo :bCiliya, bBúho,c2023. a120 páginas :bIlustraciones, retratos ;c23 cm. 2rdacontenatextobtxt 2rdamediaasin mediciónbn 2rdacarrieravolumenbnc0 aEnsayo aIncluye datos biográficos de la autora en la solapa de la cubierta. 0aNovela dominicana 4aLiteratura dominicana1 aRosario, Bergsonenota editorial